Statistics for Top 100 Premier League Players 2021/22

Click here to take the quiz!

General Stats

  • This quiz has been taken 116 times
    (62 since last reset)
  • The average score is 63 of 100

Answer Stats

RankClubNationPositionPlayer% Correct
#91WolvesPortugalGKJose Sa
100%
#1LiverpoolEgyptFWMohamed Salah
100%
#3Manchester CityBelgiumMFKevin De Bruyne
92%
#6Tottenham HotspurSouth KoreaFWHeung-Min Son
90%
#4LiverpoolEnglandDFTrent Alexander-Arnold
90%
#10Manchester CityPortugalMFBernardo Silva
88%
#31ChelseaBrazilDFThiago Silva
88%
#18LiverpoolNetherlandsDFVirgil Van Dijk
88%
#9Tottenham HotspurEnglandFWHarry Kane
86%
#27ChelseaEnglandDFReece James
86%
#13LiverpoolSenegalFWSadio Mane
84%
#15LiverpoolScotlandDFAndrew Robertson
82%
#34Manchester UnitedPortugalFWCristiano Ronaldo
82%
#35Manchester CityEnglandFWJack Grealish
80%
#8LiverpoolColombiaFWLuis Diaz
80%
#77Manchester CityPortugalDFRuben Dias
80%
#2ChelseaEnglandDFBen Chilwell
78%
#40Manchester UnitedPortugalMFBruno Fernandes
78%
#5Manchester CityPortugalDFJoao Cancelo
78%
#26Manchester CityEnglandDFJohn Stones
78%
#16Manchester CityEnglandFWPhil Foden
78%
#11Manchester CitySpainMFRodri
78%
#17Manchester CityGermanyMFIlkay Gundogan
76%
#12LiverpoolCameroonDFJoel Matip
76%
#19ChelseaEnglandFWMason Mount
76%
#38Manchester CityAlgeriaFWRiyad Mahrez
76%
#20LiverpoolSpainMFThiago Alcantara
76%
#39ArsenalEnglandFWBukayo Saka
74%
#85ChelseaSpainDFCesar Azpilicueta
74%
#7BrentfordDenmarkMFChristian Eriksen
74%
#41West Ham UnitedEnglandMFDeclan Rice
74%
#24LiverpoolPortugalFWDiogo Jota
74%
#37LiverpoolBrazilMFFabinho
74%
#43Manchester CityEnglandFWRaheem Sterling
74%
#98Crystal PalaceIvory CoastFWWilfried Zaha
74%
#80ChelseaGermanyDFAntonio Rudiger
72%
#23Tottenham HotspurSwedenFWDejan Kulusevski
72%
#32Manchester CityBrazilFWGabriel Jesus
72%
#54LiverpoolFranceDFIbrahima Konate
72%
#33ChelseaCroatiaMFMateo Kovacic
72%
#59ChelseaFranceMFN'Golo Kante
72%
#25Tottenham HotspurDenmarkMFPierre-Emile Hojbjerg
72%
#84LiverpoolEnglandMFJordan Henderson
70%
#82West Ham UnitedJamaicaFWMichail Antonio
70%
#30Newcastle UnitedFranceFWAllan Saint-Maximin
68%
#14BrentfordEnglandFWIvan Toney
68%
#28West Ham UnitedEnglandFWJarrod Bowen
68%
#57Manchester UnitedFranceMFPaul Pogba
68%
#94Manchester CitySpainDFAymeric Laporte
66%
#71ChelseaItalyMFJorginho
66%
#48Manchester CityUkraineDFOleksandr Zinchenko
66%
#51Tottenham HotspurUruguayMFRodrigo Bentancur
66%
#49West Ham UnitedCzech RepublicMFTomas Soucek
66%
#74ChelseaMoroccoFWHakim Ziyech
64%
#42SouthamptonEnglandMFJames Ward-Prowse
64%
#36ChelseaSpainDFMarcos Alonso
64%
#86Manchester CityNetherlandsDFNathan Ake
64%
#66ArsenalGhanaMFThomas Partey
64%
#70Leicester CityNigeriaMFWilfred Ndidi
64%
#72Manchester UnitedBrazilMFFred
62%
#44LiverpoolGreeceDFKostas Tsimikas
62%
#60Manchester UnitedEnglandFWMason Greenwood
62%
#45Leeds UnitedBrazilFWRaphinha
62%
#76Leicester CityBelgiumMFYouri Tielemans
62%
#29Aston VillaBrazilMFPhilippe Coutinho
60%
#21Aston VillaScotlandMFJohn McGinn
58%
#68WolvesPortugalMFRuben Neves
58%
#81Manchester UnitedScotlandMFScott McTominay
58%
#99ChelseaDenmarkDFAndreas Christensen
56%
#53Newcastle UnitedBrazilMFBruno Guimaraes
56%
#22Crystal PalaceEnglandMFConor Gallagher
56%
#95Tottenham HotspurArgentinaDFCristian Romero
56%
#52BurnleyEnglandDFJames Tarkowski
56%
#92ChelseaGermanyFWKai Havertz
56%
#67Tottenham HotspurIrelandDFMatt Doherty
52%
#55ChelseaEnglandDFTrevoh Chalobah
52%
#69Tottenham HotspurSpainDFSergio Reguilon
50%
#89ArsenalJapanDFTakehiro Tomiyasu
50%
#88BurnleyEnglandDFBen Mee
48%
#93Aston VillaPolandDFMatty Cash
46%
#96Leicester CityPortugalDFRicardo Pereira
46%
#78WolvesMoroccoDFRomain Saiss
46%
#73Brighton & Hove AlbionMaliMFYves Bissouma
46%
#50Newcastle UnitedEnglandDFDan Burn
44%
#75WolvesSpainFWAdama Traore
42%
#65ChelseaFranceDFMalang Sarr
42%
#90Manchester UnitedEnglandDFAaron Wan-Bissaka
40%
#46WolvesSpainDFJonny
38%
#58Newcastle UnitedEnglandDFMatt Targett
38%
#100SouthamptonSpainMFOriol Romeu
38%
#83WatfordNigeriaFWEmmanuel Dennis
34%
#64BrentfordJamaicaDFEthan Pinnock
32%
#79Leeds UnitedScotlandDFLiam Cooper
32%
#56WolvesFranceDFRayan Ait-Nouri
30%
#62BrentfordDenmarkMFChristian Norgaard
28%
#87SouthamptonEnglandDFKyle Walker-Peters
28%
#97ChelseaEnglandMFRuben Loftus-Cheek
28%
#63BurnleyEnglandFWDwight McNeil
22%
#61BurnleyIrelandDFNathan Collins
18%
#47WatfordIvory CoastDFHassane Kamara
16%

Score Distribution

Percentile by Number Answered

Percent of People with Each Score

Your Score History

You have not taken this quiz since the last reset